Standing at Armageddon : United States, 1877-1919 /

Bibliographic Details
Main Author: Painter, Nell Irvin
Format: Book
Language:English
Published: New York : W.W. Norton, [1987]
Edition:1st ed.
Subjects:

MARC

Tag First Indicator Second Indicator Subfields
LEADER 00000cam a2200000 a 4500
001 in00000008118
005 20151002070143.0
008 861208s1987 nyua b 00110 eng
010 |a  86033111  
020 |a 0393024059 
035 |a (OCoLC)15016627 
035 |9 AAA0475AM 
040 |a DLC  |c DLC  |d TXA  |d UtOrBLW 
043 |a n-us--- 
050 0 0 |a E661  |b .P33 1987 
082 0 |a 973.8  |2 19 
100 1 |a Painter, Nell Irvin. 
245 1 0 |a Standing at Armageddon :  |b United States, 1877-1919 /  |c Nell Irvin Painter. 
250 |a 1st ed. 
264 1 |a New York :  |b W.W. Norton,  |c [1987] 
264 4 |c ©1987 
300 |a xliv, 402 pages :  |b illustrations ;  |c 24 cm. 
336 |a text  |b txt  |2 rdacontent 
337 |a unmediated  |b n  |2 rdamedia 
338 |a volume  |b nc  |2 rdacarrier 
504 |a Includes bibliographical references and index. 
651 0 |a United States  |x History  |y 1865-1921. 
651 0 |a United States  |x Social conditions  |y 1865-1918. 
999 |a MARS 
999 f f |s 9e94e184-65f9-3cfe-90e5-c2fee25e11d3  |i 956f61fe-0c83-316c-bb10-67544b646c21  |t 0 
952 f f |p normal  |a Texas A&M University  |b College Station  |c Sterling C. Evans Library  |d Evans: Curriculum Collection (4th floor)  |t 0  |e E661 .P33 1987  |h Library of Congress classification  |i unmediated -- volume  |m A14822276975 
952 f f |p normal  |a Texas A&M University  |b College Station  |c Sterling C. Evans Library  |d Evans: Library Stacks  |t 0  |e E661 .P33 1987  |h Library of Congress classification  |i unmediated -- volume  |m A14812627718 
998 f f |a E661 .P33 1987  |t 0  |l Evans: Curriculum Collection (4th floor) 
998 f f |a E661 .P33 1987  |t 0  |l Evans: Library Stacks